Vplyv pandémie covid-19 na správanie investorov na akciovom trhu dizertačná práca

Gespeichert in:
Bibliographische Detailangaben
1. Verfasser: Kalamen, Kristián, 1996-
Körperschaft: Fakulta podnikového manažmentu EU. Katedra podnikových financií
Weitere Verfasser: Pollák, František, 1985-
Format: Buch
Sprache:Slowakisch
Veröffentlicht: Bratislava 2025
Schlagworte:
Tags: Tag hinzufügen
Keine Tags, Fügen Sie das erste Tag hinzu!

MARC

LEADER 00000nbm a2200000 4500
001 0311449
005 20250926085452.5
041 0 |a slo 
044 |a SK 
245 1 0 |a Vplyv pandémie covid-19 na správanie investorov na akciovom trhu  |b dizertačná práca  |c Kristián Kalamen ; školiteľ: František Pollák 
264 1 |a Bratislava  |c 2025 
300 |a 144 s. 
610 2 0 |a trh akciový 
610 2 0 |a investori 
610 2 0 |a koronavírus 
610 2 0 |a sektor technologický 
610 2 0 |a priemysel farmaceutický 
610 2 0 |a technológie nové 
100 1 |a Kalamen, Kristián, 1996- 
700 1 |a Pollák, František, 1985- 
710 2 |a Fakulta podnikového manažmentu EU. Katedra podnikových financií